| 000 | 00457cam a22001577a 4500 | ||
|---|---|---|---|
| 008 | 180718b2002 xxu||||| |||| 00| 0 eng d | ||
| 020 | _a8170337038 | ||
| 082 | _aA99 N143/Si64 | ||
| 100 | _aSingh, Manjit Inder | ||
| 245 |
_aV.S. Nipaul: nobel prize winner _cby Majit Inder Singh |
||
| 250 | _a2nd ed. | ||
| 260 |
_aJaipur _bRawat _c2002 |
||
| 300 | _a264p. | ||
| 650 | _aNaipaul, V.S. - Criticism and interpretation | ||
| 650 | _aNaipaul, V.S. - Biography | ||
| 999 |
_c399342 _d399342 |
||